Futures for a declining city : simulations for the Cleveland area /

Bibliographic Details
Main Author: Bradbury, Katharine L.
Other Authors: Downs, Anthony, Small, Kenneth A.
Format: Book
Language:English
Published: New York, N.Y. : Academic Press, [1981]
Series:Studies in urban economics.
Subjects:

MARC

Tag First Indicator Second Indicator Subfields
LEADER 00000pam a2200000 a 4500
001 in00000084092
005 20151008055650.0
008 810623s1981 nyua bs 00110 eng
010 |a  81010857  
020 |a 0121235807 
035 |a (OCoLC)07596879 
035 |9 AAJ4055AM 
039 0 |a 2  |b 3  |c 3  |d 3  |e 3 
040 |a DLC  |c DLC  |d TXA  |d UtOrBLW 
043 |a n-us-oh 
049 |a TXAM  |c [1655059] 
050 0 0 |a HT168.C54  |b B7 
082 0 |a 307.7/6  |2 19 
100 1 |a Bradbury, Katharine L. 
245 1 0 |a Futures for a declining city :  |b simulations for the Cleveland area /  |c Katharine L. Bradbury, Anthony Downs, Kenneth A. Small. 
264 1 |a New York, N.Y. :  |b Academic Press,  |c [1981] 
264 4 |c ©1981 
300 |a xiii, 247 pages :  |b illustrations ;  |c 24 cm. 
336 |a text  |b txt  |2 rdacontent 
337 |a unmediated  |b n  |2 rdamedia 
338 |a volume  |b nc  |2 rdacarrier 
490 1 |a Studies in urban economics 
504 |a Includes bibliographical references and index. 
650 0 |a Cities and towns  |z Ohio  |x Growth. 
650 0 |a City planning  |z United States  |x Simulation methods. 
650 0 |a City planning  |z Ohio  |z Cleveland. 
651 0 |a Cleveland Metropolitan Area (Ohio) 
700 1 |a Downs, Anthony. 
700 1 |a Small, Kenneth A. 
830 0 |a Studies in urban economics. 
999 |a MARS 
999 f f |s 26754d2e-866d-3868-af0d-f6c870deed49  |i 91e8c71c-25d4-3cb6-a34c-e9812843c2b6  |t 0 
952 f f |p ric  |a Texas A&M University  |b Rellis Campus  |c Joint Library Facility  |d Remote Storage  |t 0  |e HT168.C54 B7  |h Library of Congress classification  |i unmediated -- volume  |m A14806144582 
998 f f |a HT168.C54 B7  |t 0  |l Remote Storage